Moderná koncepcia priemyselného podniku – zelená logistika

Životné prostredie zohráva v dnešnom svete kľúčovú úlohu a jeho ochrana sa v bude len zintenzívňovať. Logistika ako jeden z najväčších znečisťovateľov v životnom prostredí. Je nevyhnutné, aby podniky z dôvodu konkurencieschopnosti a atraktivite na trhu eliminovali zásahy do životného prostredia. Poj...

Descrizione completa

Salvato in:
Dettagli Bibliografici
Autore principale: Richnák, Patrik, 1988-
Altri autori: Bojková, Karolína
Natura: Capitolo di libro
Lingua:slovacco
Soggetti:
Tags: Aggiungi Tag
Nessun Tag, puoi essere il primo ad aggiungerne!!

MARC

LEADER 00000naa a2200000 4500
001 0248924
005 20240502073959.0
041 0 |a slo 
044 |a SK 
245 1 0 |a Moderná koncepcia priemyselného podniku – zelená logistika  |c Patrik Richnák, Karolína Bojková 
520 |a Životné prostredie zohráva v dnešnom svete kľúčovú úlohu a jeho ochrana sa v bude len zintenzívňovať. Logistika ako jeden z najväčších znečisťovateľov v životnom prostredí. Je nevyhnutné, aby podniky z dôvodu konkurencieschopnosti a atraktivite na trhu eliminovali zásahy do životného prostredia. Pojem zelená logistika a jej uplatnenie v podniku, ktorý pôsobí v automobilovom priemysle na území Slovenska. 
610 2 0 |a logistika zelená 
610 2 0 |a priemysel automobilový 
610 2 0 |a ochrana prostredia životného 
610 2 0 |a zodpovednosť spoločenská 
610 2 0 |a podnikanie zodpovedné 
610 2 0 |a konkurencieschopnosť 
610 2 0 |a podnik priemyselný 
100 1 |a Richnák, Patrik, 1988- 
700 1 |a Bojková, Karolína